CBRI Newasletter (Record no. 139368)

MARC details
000 -LEADER
fixed length control field 00421nam a22001577a 4500
005 - DATE AND TIME OF LATEST TRANSACTION
control field 20170428164114.0
008 - FIXED-LENGTH DATA ELEMENTS--GENERAL INFORMATION
fixed length control field 170428b xxu||||| |||| 00| 0 eng d
022 ## - INTERNATIONAL STANDARD SERIAL NUMBER
International Standard Serial Number 0972-5520
040 ## - CATALOGING SOURCE
Original cataloging agency DBAD/PUB
245 ## - TITLE STATEMENT
Title CBRI Newasletter
260 ## - PUBLICATION, DISTRIBUTION, ETC. (IMPRINT)
Place of publication, distribution, etc Uttarakhand
Name of publisher, distributor, etc CSIR-CBRI
300 ## - PHYSICAL DESCRIPTION
Extent v.
Dimensions 24cm
310 ## - CURRENT PUBLICATION FREQUENCY
Current publication frequency Quarterly
270 ## - ADDRESS
Address Roorkee,
City Uttarakhand
Country India
Postal code 247667
Electronic mail address director@cbrimail.com
942 ## - ADDED ENTRY ELEMENTS (KOHA)
Source of classification or shelving scheme Dewey Decimal Classification
Item type Periodicals
Call number suffix CBR
Serial record 1
Holdings
Withdrawn status Lost status Source of classification or shelving scheme Damaged status Not for loan Collection code Home library Current library Date acquired Total Checkouts Full call number Date last seen Price effective from Koha item type
    Dewey Decimal Classification   Not For Loan Non-fiction D.B.Act.Division D.B.Act.Division 28/04/2017   CBR 28/04/2017 28/04/2017 Periodicals

© Delhi Public Library
Hit Counter
free hit counter